000 00178 a2200097 4500
020 _a9780060083861
041 _aeng
100 _aPerez Brown, Maria
245 _aMama
942 _cBK
999 _c7683
_d7683